| 000 | 00347nam a22001457a 4500 | ||
|---|---|---|---|
| 999 |
_c8041 _d8041 |
||
| 003 | OSt | ||
| 005 | 20200626142948.0 | ||
| 008 | 200626b ||||| |||| 00| 0 eng d | ||
| 020 | _a9789886824351 | ||
| 082 |
_a720.913 _bMOT |
||
| 100 | _a Mo, Tingli | ||
| 245 | _aTropical Experience | ||
| 260 |
_aChina _bArtPower International _c2014 |
||
| 942 | _2ddc | ||